| 000 | 00798nam a2200181Ia 4500 | ||
|---|---|---|---|
| 008 | 090630s9999 xx 000 0 und d | ||
| 082 | _b24074 | ||
| 100 | _aबाखरु हरी कृष्ण अनु. मांडे अरुण. | ||
| 245 |
_aबहुगुणी वनौषधी. _cबाखरु हरी कृष्ण अनु. मांडे अरुण. |
||
| 260 | _bरोहन - पुणे. | ||
| 300 | _a0 | ||
| 600 | _aबाखरु हरी कृष्ण अनु. मांडे अरुण. | ||
| 630 | _aबहुगुणी वनौषधी. | ||
| 655 | _aइतर. | ||
| 700 | _aबाखरु हरी कृष्ण अनु. मांडे अरुण. | ||
| 730 | _aबहुगुणी वनौषधी. | ||
| 942 | _cBOOK | ||
| 999 |
_c275930 _d275930 |
||